000 00414nam a2200145Ia 4500
008 231217s9999 xx 000 0 und d
041 _aEnglish
082 _a621.381 PLO;1 `R'
100 _aPlonus, Martin
245 0 _aElectronics and communications for scientists and engineers
260 _c2001
_bNew Delhi : Harcourt India,
300 _axviii+415
650 _aElectronics communications
942 _cAA
999 _c168136
_d168136